000
00293nam a22001337a 4500
008
171027b xxu||||| |||| 00| 0 eng d
020
_a
9781401851804
041
_a
eng
080
_a
336
100
_a
55
101
_a
MEN
245
_a
THE BUSINESS OF CHILD CARE
_c
JACK,G
942
_2
udc
_c
BK
999
_c
36082
_d
36082